000 01634nam a2200337 i 4500
999 _c65457
_d65457
001 768714001
003 CO-MdFUSB
005 20200318160706.0
007 ta
008 200311t2004 ck aopc| |||| 00| 0 spa d
020 _a95830149036
040 _aCO-MdFUSB
_bspa
_cCO-MdFUSB
_dCO-MdFUSBC
_erda
041 _aspa
082 _223
_a780.94
_bG824j
100 _aGreiff, Ilse de.
_eautor
245 _aJuan Sebastian Bach :
_bun mundo dentro del mundo
_c/ Ilse de Greiff
264 1 _aColombia :
_bPanamericana,
_c[2004]
264 4 _c© 2004
300 _a101 páginas
_c; 22 cm
336 _2rdacontent
_atexto
_btxt
337 _2rdamedia
_asin mediación
_bn
338 _2rdacarrier
_avolumen
_bnc
504 _aIncluye referencias bibliográficas (página 97)
520 _aEl personaje: Una de las mayores glorias de la música de todos los tiempos, Juan Sebastián Bach, miembro de una extraordinaria familia que produjo más de 80 músicos en siete generaciones, llevó a la cima el género barroco y señaló el camino de la música clásica, moderna y contemporánea. El autor: Filósofa y locutora radial, apasionada por la vida y obra del maestro Bach, plasmó en cada una de estas páginas su ferviente admiración por la música del gran artista alemán, que ha escuchado desde siempre.
563 _aTapa dura
650 7 _9409
_aBiografía
653 _aBiografía -- Músicos.
653 _aMúsica barroca.
942 _cBK
945 _aJTF-925